<?xml version="1.0" encoding="UTF-8"?>
<record
    xmlns:xsi="http://www.w3.org/2001/XMLSchema-instance"
    xsi:schemaLocation="http://www.loc.gov/MARC21/slim http://www.loc.gov/standards/marcxml/schema/MARC21slim.xsd"
    xmlns="http://www.loc.gov/MARC21/slim">

  <leader>02350cam a2200337 a 4500</leader>
  <controlfield tag="001">7886226</controlfield>
  <controlfield tag="005">20210414113850.0</controlfield>
  <controlfield tag="008">960206s1997    nyuab    b    001 0 eng  </controlfield>
  <datafield tag="010" ind1=" " ind2=" ">
    <subfield code="a">   96001210 </subfield>
  </datafield>
  <datafield tag="020" ind1=" " ind2=" ">
    <subfield code="a">0070151059</subfield>
  </datafield>
  <datafield tag="035" ind1=" " ind2=" ">
    <subfield code="a">(OCoLC)ocm34190593</subfield>
  </datafield>
  <datafield tag="035" ind1=" " ind2=" ">
    <subfield code="a">(OCoLC)34190593</subfield>
    <subfield code="z">(OCoLC)36078390</subfield>
    <subfield code="z">(OCoLC)36098916</subfield>
    <subfield code="z">(OCoLC)38344585</subfield>
  </datafield>
  <datafield tag="035" ind1=" " ind2=" ">
    <subfield code="a">(NNC)7886226</subfield>
  </datafield>
  <datafield tag="037" ind1=" " ind2=" ">
    <subfield code="a">L-97223-0</subfield>
    <subfield code="b">APHB</subfield>
  </datafield>
  <datafield tag="040" ind1=" " ind2=" ">
    <subfield code="a">DLC</subfield>
    <subfield code="c">DLC</subfield>
    <subfield code="d">CUZ</subfield>
    <subfield code="d">KPR</subfield>
    <subfield code="d">ID1</subfield>
    <subfield code="d">BAKER</subfield>
    <subfield code="d">BTCTA</subfield>
    <subfield code="d">YDXCP</subfield>
    <subfield code="d">OrLoB-B</subfield>
  </datafield>
  <datafield tag="043" ind1=" " ind2=" ">
    <subfield code="a">n-us---</subfield>
  </datafield>
  <datafield tag="050" ind1="0" ind2="0">
    <subfield code="a">E178.1.B827 </subfield>
    <subfield code="b">.B827 1997</subfield>
  </datafield>
  <datafield tag="082" ind1="0" ind2="0">
    <subfield code="a">973</subfield>
    <subfield code="2">20</subfield>
  </datafield>
  <datafield tag="100" ind1="1" ind2=" ">
    <subfield code="a">Jackson, Harvey H.</subfield>
  </datafield>
  <datafield tag="245" ind1="1" ind2="4">
    <subfield code="a">Study guide to accompany Brinkley: the unfinished nation :</subfield>
    <subfield code="b">a concise history of the American people /</subfield>
    <subfield code="c">Harvey H. Jackson </subfield>
  </datafield>
  <datafield tag="250" ind1=" " ind2=" ">
    <subfield code="a">2nd ed.</subfield>
  </datafield>
  <datafield tag="260" ind1=" " ind2=" ">
    <subfield code="a">New York :</subfield>
    <subfield code="b">McGraw-Hill,</subfield>
    <subfield code="c">c1997.</subfield>
  </datafield>
  <datafield tag="300" ind1=" " ind2=" ">
    <subfield code="a">x, 406 p. :</subfield>
    <subfield code="b">ill.,maps,</subfield>
    <subfield code="c">23 cm.</subfield>
  </datafield>
  <datafield tag="500" ind1=" " ind2=" ">
    <subfield code="a">"Overture books."</subfield>
  </datafield>
  <datafield tag="504" ind1=" " ind2=" ">
    <subfield code="a">Includes  index.</subfield>
  </datafield>
  <datafield tag="505" ind1="0" ind2="0">
    <subfield code="g">Ch. 1.</subfield>
    <subfield code="t">The Meeting of Cultures -- </subfield>
    <subfield code="g">Ch. 2.</subfield>
    <subfield code="t">The English "Transplantations" -- </subfield>
    <subfield code="g">Ch. 3.</subfield>
    <subfield code="t">Life in Provincial America -- </subfield>
    <subfield code="g">Ch. 4.</subfield>
    <subfield code="t">The Empire Under Strain -- </subfield>
    <subfield code="g">Ch. 5.</subfield>
    <subfield code="t">The American Revolution -- </subfield>
    <subfield code="g">Ch. 6.</subfield>
    <subfield code="t">The Constitution and the New Republic -- </subfield>
    <subfield code="g">Ch. 7.</subfield>
    <subfield code="t">The Jeffersonian Era -- </subfield>
    <subfield code="g">Ch. 8.</subfield>
    <subfield code="t">Varieties of American Nationalism -- </subfield>
    <subfield code="g">Ch. 9.</subfield>
    <subfield code="t">Jacksonian America -- </subfield>
    <subfield code="g">Ch. 10.</subfield>
    <subfield code="t">America's Economic Revolution -- </subfield>
    <subfield code="g">Ch. 11.</subfield>
    <subfield code="t">Cotton, Slavery, and the Old South -- </subfield>
    <subfield code="g">Ch. 12.</subfield>
    <subfield code="t">An Age of Reforms -- </subfield>
    <subfield code="g">Ch. 13.</subfield>
    <subfield code="t">The Impending Crisis -- </subfield>
    <subfield code="g">Ch. 14.</subfield>
    <subfield code="t">The Civil War -- </subfield>
    <subfield code="g">Ch. 15.</subfield>
    <subfield code="t">Reconstruction and the New South -- </subfield>
    <subfield code="g">Ch. 16.</subfield>
    <subfield code="t">The Conquest of the Far West -- </subfield>
    <subfield code="g">Ch. 17.</subfield>
    <subfield code="t">Industrial Supremacy -- </subfield>
    <subfield code="g">Ch. 18.</subfield>
    <subfield code="t">The Age of the City -- </subfield>
    <subfield code="g">Ch. 19.</subfield>
    <subfield code="t">From Stalemate to Crisis -- </subfield>
    <subfield code="g">Ch. 20.</subfield>
    <subfield code="t">The Imperial Republic -- </subfield>
    <subfield code="g">Ch. 21.</subfield>
    <subfield code="t">The Rise of Progressivism -- </subfield>
    <subfield code="g">Ch. 22.</subfield>
    <subfield code="t">The Battle for National Reform -- </subfield>
    <subfield code="g">Ch. 23.</subfield>
    <subfield code="t">America and the Great War -- </subfield>
    <subfield code="g">Ch. 24.</subfield>
    <subfield code="t">The New Era -- </subfield>
    <subfield code="g">Ch. 25.</subfield>
    <subfield code="t">The Great Depression -- </subfield>
    <subfield code="g">Ch. 26.</subfield>
    <subfield code="t">The New Deal -- </subfield>
    <subfield code="g">Ch. 27.</subfield>
    <subfield code="t">The Global Crisis, 1921-1941 -- </subfield>
    <subfield code="g">Ch. 28.</subfield>
    <subfield code="t">America in a World at War -- </subfield>
    <subfield code="g">Ch. 29.</subfield>
    <subfield code="t">America and the Cold War -- </subfield>
    <subfield code="g">Ch. 30.</subfield>
    <subfield code="t">The Affluent Society -- </subfield>
    <subfield code="g">Ch. 31.</subfield>
    <subfield code="t">The Ordeal of Liberalism -- </subfield>
    <subfield code="g">Ch. 32.</subfield>
    <subfield code="t">The Crisis of Authority -- </subfield>
    <subfield code="g">Ch. 33.</subfield>
    <subfield code="t">The Age of Limits -- </subfield>
    <subfield code="g">Ch. 34.</subfield>
    <subfield code="t">Beyond the Cold War -- </subfield>
  </datafield>
  <datafield tag="651" ind1=" " ind2="0">
    <subfield code="a">United States</subfield>
    <subfield code="x">History.</subfield>
  </datafield>
  <datafield tag="900" ind1=" " ind2=" ">
    <subfield code="b">TOC</subfield>
  </datafield>
  <datafield tag="942" ind1=" " ind2=" ">
    <subfield code="2">lcc</subfield>
    <subfield code="c">BK</subfield>
  </datafield>
  <datafield tag="948" ind1="1" ind2=" ">
    <subfield code="a">20100722</subfield>
    <subfield code="b">c</subfield>
    <subfield code="c">vt2130</subfield>
    <subfield code="d">MPS</subfield>
  </datafield>
  <datafield tag="999" ind1=" " ind2=" ">
    <subfield code="c">173</subfield>
    <subfield code="d">7673</subfield>
  </datafield>
  <datafield tag="952" ind1=" " ind2=" ">
    <subfield code="0">0</subfield>
    <subfield code="1">0</subfield>
    <subfield code="2">lcc</subfield>
    <subfield code="4">0</subfield>
    <subfield code="7">0</subfield>
    <subfield code="a">WIUC-1</subfield>
    <subfield code="b">WIUC-1</subfield>
    <subfield code="c">GEN</subfield>
    <subfield code="d">2011-10-14</subfield>
    <subfield code="l">0</subfield>
    <subfield code="o">E178.1.B827 </subfield>
    <subfield code="p">523/11</subfield>
    <subfield code="r">2011-10-14 00:00:00</subfield>
    <subfield code="t">1</subfield>
    <subfield code="w">2011-10-14</subfield>
    <subfield code="y">BK</subfield>
  </datafield>
  <datafield tag="952" ind1=" " ind2=" ">
    <subfield code="0">0</subfield>
    <subfield code="1">0</subfield>
    <subfield code="2">lcc</subfield>
    <subfield code="4">0</subfield>
    <subfield code="7">0</subfield>
    <subfield code="a">WIUC-1</subfield>
    <subfield code="b">WIUC-1</subfield>
    <subfield code="c">GEN</subfield>
    <subfield code="d">2011-10-14</subfield>
    <subfield code="l">0</subfield>
    <subfield code="o">E178.1.B8271</subfield>
    <subfield code="p">524/11</subfield>
    <subfield code="r">2011-10-14 00:00:00</subfield>
    <subfield code="w">2011-10-14</subfield>
    <subfield code="y">BK</subfield>
  </datafield>
  <datafield tag="952" ind1=" " ind2=" ">
    <subfield code="0">0</subfield>
    <subfield code="1">0</subfield>
    <subfield code="2">lcc</subfield>
    <subfield code="4">0</subfield>
    <subfield code="7">0</subfield>
    <subfield code="a">WIUC-1</subfield>
    <subfield code="b">WIUC-1</subfield>
    <subfield code="c">GEN</subfield>
    <subfield code="d">2011-10-14</subfield>
    <subfield code="l">0</subfield>
    <subfield code="o">E178.1.B8272</subfield>
    <subfield code="p">525/11</subfield>
    <subfield code="r">2011-10-14 00:00:00</subfield>
    <subfield code="t">3</subfield>
    <subfield code="w">2011-10-14</subfield>
    <subfield code="y">BK</subfield>
  </datafield>
  <datafield tag="952" ind1=" " ind2=" ">
    <subfield code="0">0</subfield>
    <subfield code="1">0</subfield>
    <subfield code="2">lcc</subfield>
    <subfield code="4">0</subfield>
    <subfield code="7">0</subfield>
    <subfield code="a">WIUC-1</subfield>
    <subfield code="b">WIUC-1</subfield>
    <subfield code="c">GEN</subfield>
    <subfield code="d">2011-10-14</subfield>
    <subfield code="l">0</subfield>
    <subfield code="o">E178.1.B8273</subfield>
    <subfield code="p">526/11</subfield>
    <subfield code="r">2011-10-14 00:00:00</subfield>
    <subfield code="t">4</subfield>
    <subfield code="w">2011-10-14</subfield>
    <subfield code="y">BK</subfield>
  </datafield>
  <datafield tag="952" ind1=" " ind2=" ">
    <subfield code="0">0</subfield>
    <subfield code="1">0</subfield>
    <subfield code="2">lcc</subfield>
    <subfield code="4">0</subfield>
    <subfield code="7">0</subfield>
    <subfield code="a">WIUC-1</subfield>
    <subfield code="b">WIUC-1</subfield>
    <subfield code="c">GEN</subfield>
    <subfield code="d">2011-10-14</subfield>
    <subfield code="l">0</subfield>
    <subfield code="o">E178.1.B8274 </subfield>
    <subfield code="p">527/11</subfield>
    <subfield code="r">2011-10-14 00:00:00</subfield>
    <subfield code="t">5</subfield>
    <subfield code="w">2011-10-14</subfield>
    <subfield code="y">BK</subfield>
  </datafield>
</record>
